000 00260nam a2200109Ia 4500
008 200302s9999 xx 000 0 und d
100 _aRoger yee
245 _aCorporate Interiors no.8
260 _bVisual Reference New york
260 _c2007
300 _a300 P.,
999 _c2928
_d2928